Clubes Argentinos por Imagen - Estadísticas

Estadísticas generales
  • Esta prueba ha sido intentada 49 veces
  • La puntuación promedio es 15 de 20
Estadísticas de respuestas
Imagen Respuesta % Correcto
Atlético Tucumán
100%
Estudiantes de La Plata
100%
Instituto
100%
Lanús
100%
Newell's Old Boys
100%
Platense
100%
Rosario Central
100%
Boca Juniors
94%
Colón
94%
Independiente
94%
Gimnasia Esgrima de La Plata
93%
Barracas Central
92%
Racing
92%
Tigre
90%
Nueva Chicago
89%
Vélez Sársfield
89%
Defensa y Justicia
87%
Banfield
86%
Argentinos Juniors
85%
Belgrano de Córdoba
85%
Huracán
83%
Quilmes
81%
All Boys
80%
Deportivo Morón
80%
Chacarita
78%
Agropecuario
77%
Central Córdoba
77%
Deportivo Madryn
75%
Unión de Santa Fe
75%
Central Norte
73%
Sacachispas
73%
San Telmo
73%
Ferro
71%
Olimpo
71%
Sarmiento
71%
Atlanta
69%
Deportivo Riestra
69%
Patronato
69%
9 de Julio
67%
Flandria
67%
Alvarado
65%
Temperley
65%
Douglas Haig
64%
Atlético de Rafaela
63%
Juventud Antoniana
63%
Excursionistas
62%
Brown de Adrogué
60%
Deportivo Español
57%
Almirante Brown
56%
Camioneros
54%
Chaco For Ever
50%
Villa Dálmine
50%
Altos Hornos Zapla
47%
Argentino de Quilmes
45%
Yupanqui
43%
Berazategui
40%
Defensores de Villa Ramallo
40%
Güemes
40%
Ituzaingó
40%
Cañuelas
33%
Ciudad Bolívar
31%
Acassuso
17%
No se encontraron pruebas coincidentes
Distribución de puntuación
Porcentaje de gente con cada puntuación
Porcentaje por número respondido
Historial de tus puntuaciones
No has intentado esta prueba.